Chainsaw man character by last words - Statistics

General Stats
  • This quiz has been taken 38 times
  • The average score is 9 of 24
Answer Stats
Hint Answer % Correct
"Keep on dreaming...Denji." Pochita
100%
"I'll give you my blood. In exchange...come find me." Power
100%
"Oh yeah...I...wanted to play catch" Aki
88%
"If you're gonna get in our way, then- how's it go again?" Denji
63%
"Kobeni...take off my mask and hide..." Galgali
58%
"I wish...I'd tried living just a little more selfishly." Asa
54%
"Stop! I'm just a kid!" Nayuta
54%
"My role is to be a switch." Yoshida
54%
"Cuz...when I die...I want you to cry..." Himeno
50%
"This is hardly enough to..." Makima
42%
"Cuz...I'm excited for the school festival." Lil D
38%
"Kill me before you eat me!!" Barem
33%
"I give you all of me..." Angel
29%
"Please revive...and grant our wish..." Beam
29%
"Come out of your shell and play soccer with me!" Bucky
25%
"Do I not even get to have that much?" Denji
25%
"By all means, use us to be eaten by Chainsaw man!" Fumiko
17%
"Really?! Then we'll help!" Fami
13%
"At the time, I couldn't decide on mine. But now..." Canada Fumiko
4%
"Why not?!" Fake Chainsaw man
4%
"This...can't be!" Falling devil
4%
"Why is this happening?!" India Fumiko
4%
"Sigh..." Oregon Fumiko
4%
"If only I could read bird' minds too." Yoko
4%
No matching quizzes found
Score Distribution
Percent of People with Each Score
Percentile by Number Answered
Your Score History
You have not taken this quiz